[Event "Famalicao op 6th"]
[Site "Famalicao"]
[Date "2018.08.01"]
[Round "6"]
[White "Teixeira, Jose Manuel"]
[Black "Monteiro, Jose Macedo"]
[Result "0-1"]
[WhiteElo "1373"]
[BlackElo "1899"]
[PlyCount "72"]
[EventDate "2018.07.29"]
[EventType "swiss"]
[EventRounds "9"]
[EventCountry "POR"]
[SourceTitle "CBM 185 Extra"]
[Source "ChessBase"]
[SourceDate "2018.07.29"]
[SourceVersion "1"]
[SourceVersionDate "2018.07.29"]
[SourceQuality "1"]

1. Nf3 Nf6 2. g3 g6 3. c4 d5 4. Bg2 d4 5. d3 Bg7 6. b4 a5 7. Qa4+ Bd7 8. b5 Na6 9. Qxa5 Nc5 10. Qb4 b6 11. a4 e5 12. Nxe5 Qe7 13. f4 Nfe4 14. dxe4 Bxe5 15. Qb2 Bg7 16. e5 Ra7 17. Bd2 f6 18. 0-0 0-0 19. Bd5+ Be6 20. a5 fxe5 21. axb6 Rxa1 22. Qxa1 Bxd5 23. cxd5 cxb6 24. Bb4 e4 25. Qa2 Kh8 26. Nd2 e3 27. Nc4 d3 28. d6 Qe6 29. Bxc5 bxc5 30. Qa4 Bd4 31. b6 Qd5 32. Qb5 Rb8 33. d7 dxe2 34. b7 exf1Q+ 35. Kxf1 Qf3+ 36. Ke1 Bc3+ 0-1

[Event "Guimaraes op"]
[Site "Guimaraes"]
[Date "2017.09.04"]
[Round "5"]
[White "Teixeira, Jose Manuel"]
[Black "Couto, Gaspar Sousa"]
[Result "0-1"]
[WhiteElo "1397"]
[BlackElo "1172"]
[PlyCount "72"]
[EventDate "2017.09.02"]
[EventType "swiss"]
[EventRounds "7"]
[EventCountry "POR"]
[SourceTitle "CBM 180 Extra"]
[Source "ChessBase"]
[SourceDate "2017.10.06"]
[SourceVersion "1"]
[SourceVersionDate "2017.10.06"]
[SourceQuality "1"]

1. d4 d5 2. Nf3 e6 3. Bf4 Nf6 4. e3 Be7 5. Be5 Nbd7 6. Bxf6 Nxf6 7. Bd3 0-0 8. Nbd2 c5 9. c3 c4 10. Bb1 b5 11. e4 h6 12. e5 Nh5 13. g3 a5 14. h4 g6 15. Qc1 Kh7 16. Ng5+ hxg5 17. hxg5 Bxg5 18. Rxh5+ Kg7 19. f4 gxh5 20. fxg5 Qxg5 21. Kf2 Rg8 22. Qh1 Kf8 23. Nf1 b4 24. Bc2 b3 25. axb3 cxb3 26. Bd1 a4 27. Bxb3 Rb8 28. Bd1 Rxb2+ 29. Ke1 Ba6 30. c4 Bxc4 31. Rxa4 Bxf1 32. Ra8+ Ke7 33. Ra7+ Kd8 34. Ra8+ Kc7 35. Rxg8 Qd2+ 36. Kxf1 Qf2# 0-1

[Event "Guimaraes op"]
[Site "Guimaraes"]
[Date "2017.09.03"]
[Round "4"]
[White "Fonseca, Pedro Miguel Ramos"]
[Black "Teixeira, Jose Manuel"]
[Result "0-1"]
[WhiteElo "1152"]
[BlackElo "1397"]
[PlyCount "96"]
[EventDate "2017.09.02"]
[EventType "swiss"]
[EventRounds "7"]
[EventCountry "POR"]
[SourceTitle "CBM 180 Extra"]
[Source "ChessBase"]
[SourceDate "2017.10.06"]
[SourceVersion "1"]
[SourceVersionDate "2017.10.06"]
[SourceQuality "1"]

1. d4 d5 2. c4 Nf6 3. cxd5 Qxd5 4. Nc3 Qf5 5. Nf3 e6 6. Bg5 b6 7. Bxf6 Qxf6 8. e4 Bb7 9. Qc2 Qh6 10. a3 Be7 11. Nb5 Na6 12. Nxc7+ Nxc7 13. Qxc7 Bxe4 14. Bb5+ Kf8 15. Bc6 Bxc6 16. Qxc6 Rd8 17. 0-0 g6 18. Qb7 a5 19. Qxb6 Kg7 20. Qxa5 Rd5 21. Qc3 Bd6 22. h3 f5 23. Qe3 Re8 24. Qxh6+ Kxh6 25. Rac1 g5 26. b4 Kh5 27. g3 g4 28. hxg4+ fxg4 29. Nh2 Rxd4 30. Rfd1 e5 31. Rxd4 exd4 32. Rc4 Re1+ 33. Kg2 Rd1 34. a4 Kg5 35. b5 h5 36. Nf1 Kf5 37. b6 Ke4 38. Rc2 Ra1 39. Rb2 Rxa4 40. b7 Bb8 41. Nd2+ Kd3 42. Nb1 Kc4 43. Re2 Rb4 44. Nd2+ Kc3 45. f3 d3 46. Ne4+ Kd4 47. Rd2 Ke3 48. Rd1 gxf3+ 0-1

[Event "Guimaraes op"]
[Site "Guimaraes"]
[Date "2017.09.02"]
[Round "2"]
[White "Silva, Diogo Leite"]
[Black "Teixeira, Jose Manuel"]
[Result "0-1"]
[WhiteElo "1113"]
[BlackElo "1397"]
[PlyCount "84"]
[EventDate "2017.09.02"]
[EventType "swiss"]
[EventRounds "7"]
[EventCountry "POR"]
[SourceTitle "CBM 180 Extra"]
[Source "ChessBase"]
[SourceDate "2017.10.06"]
[SourceVersion "1"]
[SourceVersionDate "2017.10.06"]
[SourceQuality "1"]

1. e4 e5 2. Nf3 Nc6 3. Bc4 Bc5 4. 0-0 d6 5. d3 Bg4 6. Bg5 f6 7. Bd2 Nd4 8. Nc3 Ne7 9. Nd5 Nec6 10. b4 Nxf3+ 11. gxf3 Bh3 12. Re1 Bb6 13. b5 Nd4 14. f4 Qd7 15. fxe5 Bg4 16. Qb1 Nf3+ 17. Kg2 Nxd2 18. Qd1 Nxc4 19. Qc1 Nxe5 20. d4 Bxd4 21. Qa3 Bxa1 22. b6 Bf3+ 23. Kg3 0-0 24. bxc7 Kh8 25. h4 Bd4 26. Rd1 Bc5 27. Rb1 b6 28. Qb2 Nc4 29. Qc3 Ne5 30. h5 Bxe4 31. Kf4 Bxd5 32. Qg3 Qxc7 33. Rg1 g5+ 34. Kf5 h6 35. f4 Bxg1 36. Qxg1 Bxa2 37. fxe5 fxe5+ 38. Kg6 Qxc2+ 39. Kxh6 Qh7+ 40. Kxg5 Rg8+ 41. Kh4 Rxg1 42. Kh3 Qxh5# 0-1

[Event "Guimaraes op"]
[Site "Guimaraes"]
[Date "2017.09.02"]
[Round "1"]
[White "Teixeira, Jose Manuel"]
[Black "Campora, Daniel Hugo"]
[Result "0-1"]
[WhiteElo "1397"]
[BlackElo "2420"]
[PlyCount "56"]
[EventDate "2017.09.02"]
[EventType "swiss"]
[EventRounds "7"]
[EventCountry "POR"]
[SourceTitle "CBM 180 Extra"]
[Source "ChessBase"]
[SourceDate "2017.10.06"]
[SourceVersion "1"]
[SourceVersionDate "2017.10.06"]
[SourceQuality "1"]

1. e4 d6 2. Nf3 Nf6 3. Nc3 g6 4. d4 Bg7 5. Bd3 0-0 6. h3 Nc6 7. Be3 e5 8. d5 Ne7 9. Qd2 c6 10. Bc4 b5 11. Bb3 b4 12. Na4 Nxe4 13. Qxb4 cxd5 14. Bxd5 Nxd5 15. Qxe4 Nxe3 16. Qxe3 Qa5+ 17. Nc3 d5 18. Qd2 d4 19. Ne4 Qd5 20. Nc3 Qb7 21. Na4 Bd7 22. b3 Bxa4 23. bxa4 Qa6 24. a5 Rad8 25. Qb4 e4 26. Nd2 e3 27. Ne4 d3 28. Nc5 d2+ 0-1

[Event "Famalicao op 3rd"]
[Site "Famalicao"]
[Date "2015.08.07"]
[Round "7"]
[White "Sousa, David Oliva Teles"]
[Black "Teixeira, Jose Manuel"]
[Result "0-1"]
[WhiteElo "1103"]
[BlackElo "1477"]
[PlyCount "50"]
[EventDate "2015.08.02"]
[EventType "swiss"]
[EventRounds "7"]
[EventCountry "POR"]
[SourceTitle "CBM 167 Extra"]
[Source "ChessBase"]
[SourceDate "2015.09.14"]
[SourceVersion "1"]
[SourceVersionDate "2015.09.14"]
[SourceQuality "1"]

1. e4 e5 2. Nf3 Nc6 3. Bc4 Bc5 4. c3 d6 5. d4 exd4 6. cxd4 Bb4+ 7. Bd2 Bg4 8. Bxb4 Nxb4 9. Nc3 Ne7 10. a3 Nbc6 11. 0-0 0-0 12. h3 Bxf3 13. Qxf3 Nxd4 14. Qe3 Nc2 15. Qg3 Nxa1 16. Rxa1 Ng6 17. Ne2 Qf6 18. Nc3 c6 19. Rd1 Rad8 20. Ne2 Qxb2 21. Rxd6 Qb1+ 22. Kh2 Qxe4 23. Bd3 Qe7 24. Rxd8 Rxd8 25. Bxg6 hxg6 0-1

[Event "Famalicao op 3rd"]
[Site "Famalicao"]
[Date "2015.08.05"]
[Round "5"]
[White "Fernandes, Tiago Joao Carneiro"]
[Black "Teixeira, Jose Manuel"]
[Result "0-1"]
[WhiteElo "1269"]
[BlackElo "1477"]
[PlyCount "64"]
[EventDate "2015.08.02"]
[EventType "swiss"]
[EventRounds "7"]
[EventCountry "POR"]
[SourceTitle "CBM 167 Extra"]
[Source "ChessBase"]
[SourceDate "2015.09.14"]
[SourceVersion "1"]
[SourceVersionDate "2015.09.14"]
[SourceQuality "1"]

1. e4 e5 2. Nf3 Nc6 3. Nc3 a6 4. Bc4 Bc5 5. d3 h6 6. Be3 Bd4 7. Bxd4 exd4 8. Ne2 Qf6 9. c3 dxc3 10. bxc3 Ne5 11. Ng3 Nxf3+ 12. Qxf3 Qxc3+ 13. Ke2 Nf6 14. Nh5 Qb2+ 15. Ke3 Qe5 16. Nxg7+ Kf8 17. Nf5 d5 18. Bb3 dxe4 19. dxe4 Qc3+ 20. Ke2 Qb2+ 21. Ke3 Bxf5 22. exf5 Qe5+ 23. Kd3 Rd8+ 24. Kc2 Qc5+ 25. Kb2 Rd2+ 26. Kb1 Rxf2 27. Qxb7 Qxf5+ 28. Kc1 Kg7 29. Qxc7 Rc8 30. Rf1 Rxc7+ 31. Kd1 Qd3+ 32. Ke1 Re2# 0-1

[Event "Famalicao op 3rd"]
[Site "Famalicao"]
[Date "2015.08.02"]
[Round "1"]
[White "Santos, Antonio Pereira"]
[Black "Teixeira, Jose Manuel"]
[Result "1-0"]
[WhiteElo "2288"]
[BlackElo "1477"]
[PlyCount "99"]
[EventDate "2015.08.02"]
[EventType "swiss"]
[EventRounds "7"]
[EventCountry "POR"]
[SourceTitle "CBM 167 Extra"]
[Source "ChessBase"]
[SourceDate "2015.09.14"]
[SourceVersion "1"]
[SourceVersionDate "2015.09.14"]
[SourceQuality "1"]

1. d4 d5 2. c4 Nf6 3. cxd5 Nxd5 4. e4 Nb6 5. Nf3 Bg4 6. Nc3 e6 7. Be3 c6 8. h3 Bh5 9. g4 Bg6 10. Ne5 Bb4 11. Nxg6 fxg6 12. Qb3 Bxc3+ 13. bxc3 Qe7 14. a4 Nc8 15. e5 0-0 16. a5 Qf7 17. Bc4 Re8 18. h4 b5 19. axb6 Nxb6 20. Be2 h6 21. 0-0 Qe7 22. Kg2 N8d7 23. c4 Reb8 24. Qc2 Nf8 25. Bf3 Rc8 26. Ra6 Rc7 27. Rfa1 Qd8 28. g5 h5 29. Be4 Kh7 30. R1a5 Qc8 31. Qe2 Kg8 32. Qa2 Qd7 33. Rxb6 axb6 34. Rxa8 Rc8 35. Ra6 Qc7 36. f3 Kh7 37. Qa3 c5 38. dxc5 bxc5 39. Rc6 Qb8 40. Rxc8 Qxc8 41. Qxc5 Qb8 42. Qd4 Qb4 43. c5 Qe1 44. Bf2 Qa5 45. c6 Qc7 46. Qd6 Qc8 47. c7 Nd7 48. Qxe6 Qxc7 49. Bxg6+ Kh8 50. Qe8+ 1-0

[Event "Famalicao op 2nd"]
[Site "Famalicao"]
[Date "2014.09.06"]
[Round "7"]
[White "Romano, Joao Manuel Pereira"]
[Black "Teixeira, Jose Manuel"]
[Result "1-0"]
[WhiteElo "1692"]
[BlackElo "1491"]
[PlyCount "101"]
[EventDate "2014.09.01"]
[EventType "swiss"]
[EventRounds "7"]
[EventCountry "POR"]
[SourceTitle "EXT 2018"]
[Source "ChessBase"]
[SourceDate "2017.10.13"]
[SourceVersion "1"]
[SourceVersionDate "2017.10.13"]
[SourceQuality "1"]

1. e4 e5 2. Nf3 Nc6 3. Bb5 Qf6 4. Nc3 Nge7 5. d3 h6 6. 0-0 d6 7. Ne1 Be6 8. f4 0-0-0 9. fxe5 Qxe5 10. Be3 g5 11. d4 Qg7 12. d5 a6 13. Ba4 Ne5 14. dxe6 fxe6 15. Qe2 Qh7 16. Nd3 N7g6 17. Rf2 Be7 18. Raf1 g4 19. Bb3 Qg8 20. Nf4 Nxf4 21. Bxf4 Nf3+ 22. Kh1 Nd4 23. Qc4 Nxb3 24. axb3 h5 25. Be3 Rd7 26. Bd4 Rh6 27. Rf7 Qg5 28. Nd1 Rg6 29. Qc3 Qb5 30. Qd3 Qc6 31. Bf6 Bxf6 32. R7xf6 Rxf6 33. Rxf6 Re7 34. Rf8+ Kd7 35. Ne3 Qc5 36. g3 Qg5 37. Rf4 Qg7 38. c3 Qh7 39. Kg2 Rg7 40. Nc4 Ke7 41. Qf1 h4 42. gxh4 Qxh4 43. Qf2 Qh3+ 44. Kh1 g3 45. Qg2 Qh6 46. Rf1 gxh2 47. Qf2 Qh7 48. Qf6+ Kd7 49. Ne5+ dxe5 50. Rd1+ Kc8 51. Qd8# 1-0

[Event "Famalicao op 2nd"]
[Site "Famalicao"]
[Date "2014.09.03"]
[Round "4"]
[White "Guerra, Jose Antonio Goular"]
[Black "Teixeira, Jose Manuel"]
[Result "1/2-1/2"]
[WhiteElo "1823"]
[BlackElo "1491"]
[PlyCount "82"]
[EventDate "2014.09.01"]
[EventType "swiss"]
[EventRounds "7"]
[EventCountry "POR"]
[SourceTitle "EXT 2018"]
[Source "ChessBase"]
[SourceDate "2017.10.13"]
[SourceVersion "1"]
[SourceVersionDate "2017.10.13"]
[SourceQuality "1"]

1. Nf3 d5 2. d4 Nf6 3. Nbd2 Bf5 4. e3 e6 5. Be2 h6 6. 0-0 g5 7. b3 g4 8. Ne5 h5 9. f3 Bh6 10. f4 Rg8 11. c4 Nbd7 12. Ba3 c6 13. b4 Ne4 14. Nxe4 Bxe4 15. Nxd7 Qxd7 16. Bd3 f5 17. Bxe4 fxe4 18. Qb3 a6 19. Bb2 h4 20. a4 Bf8 21. Ba3 Bd6 22. Rfc1 Ke7 23. Rcb1 Rgb8 24. Qd1 Rg8 25. Qb3 Kf6 26. Ra2 Kf5 27. Rba1 Rgc8 28. Bc1 Be7 29. Bd2 Rab8 30. Qc2 Bd6 31. c5 Be7 32. Qd1 Qe8 33. Rb2 Bd8 34. b5 Qf7 35. Rab1 Bc7 36. Qe2 Qe8 37. Kh1 Qh5 38. Qd1 h3 39. g3 Qe8 40. Kg1 Qd7 41. Kf1 a5 1/2-1/2

[Event "Famalicao op 2nd"]
[Site "Famalicao"]
[Date "2014.09.01"]
[Round "1"]
[White "Santos, Antonio Pereira"]
[Black "Teixeira, Jose Manuel"]
[Result "1-0"]
[WhiteElo "2245"]
[BlackElo "1491"]
[PlyCount "61"]
[EventDate "2014.09.01"]
[EventType "swiss"]
[EventRounds "7"]
[EventCountry "POR"]
[SourceTitle "EXT 2018"]
[Source "ChessBase"]
[SourceDate "2017.10.13"]
[SourceVersion "1"]
[SourceVersionDate "2017.10.13"]
[SourceQuality "1"]

1. d4 d5 2. c4 Nf6 3. cxd5 Nxd5 4. Nf3 Bf5 5. Qb3 Nb6 6. Nc3 e6 7. e4 Bg4 8. Ne5 Bh5 9. Be3 Bd6 10. Nc4 0-0 11. Na5 Qc8 12. Rc1 a6 13. h3 h6 14. g4 Bg6 15. Bg2 Nc6 16. Nxc6 bxc6 17. e5 Be7 18. 0-0 Bd3 19. Rfd1 Bc4 20. Qc2 Nd5 21. Nxd5 exd5 22. b3 Ba3 23. bxc4 Bxc1 24. Rxc1 Qe6 25. f4 f5 26. cxd5 cxd5 27. Qc6 Qc8 28. Bxd5+ Kh8 29. Qxa8 fxg4 30. Qxc8 Rxc8 31. hxg4 1-0